| 000 | 00529cam a22002171 4500 | ||
|---|---|---|---|
| 001 | sa 65004724 | ||
| 003 | DLC | ||
| 005 | 20260227112133.0 | ||
| 008 | 890626s1965 ii 000 1 hino | ||
| 010 | _asa 65004724 | ||
| 035 | _a(OCoLC)19926019 | ||
| 040 |
_aDLC _cWaU _dDLC |
||
| 042 | _apremarc | ||
| 050 | 0 | 0 |
_aPK2077 _b.K4 |
| 100 | 1 | _aKevala, Śakti Pāla. | |
| 245 | 1 | 0 | _aPaccīsa śreshṭha kahāniyāṃ. |
| 260 | _c[1965] | ||
| 300 |
_a407 p. _c19 cm. |
||
| 500 | _aIn Hindi. | ||
| 650 | 0 | _aShort stories, Hindi. | |
| 999 |
_c63918 _d63918 |
||